000 01252nam a2200313 i 4500
005 20220316235356.0
008 121119s2001 sp a js 000 j spa d
020 _a8426132065
040 _aCO-BoRNBP
_bspa
_cCO-BoRNBP
_erda
041 0 _aspa
100 1 _aSpyri, Johanna,
_d1827-1901
_eautora
245 1 0 _aHeidi
_cJohanna Spyri ; ilustraciones, Paul Hey ; traducción, de Th. Scheppelmann
250 _aPrimera edición
264 1 _aBarcelona
_bJuventud
_c2001
300 _a222 páginas
_bilustraciones en blanco y negro
_c20 cm
336 _atexto
_btxt
_2rdacontent
337 _asin mediación
_bn
_2rdamedia
338 _avolumen
_bnc
_2rdacarrier
490 0 _aJuventud
520 3 _aHeidi es la historia de una niña que ama la libertad y la sencillez de la vida en la montaña, y que se ve obligada a abandonarla... Johanna Spyri (1829-1901) nació en Suiza, hija de doctor y escritora famosa
650 1 4 _aCuentos infantiles suizos
_ySiglo XIX
_2LEMB
650 1 4 _aLiteratura infantil suiza
_ySiglo XIX
_2LEMB
650 1 4 _aAbuelos
_vCuentos
_2LEMB
650 1 4 _aVida en el campo
_vCuentos
_2LEMB
700 1 _aHey, Paul,
_dilustrador
_9124429
700 1 _aScheppelmann, Th.,
_dtraductor
_9124430
942 _2loc
_cBKLIT
084 _aN SPY1
999 _c766
_d766